[Event "Cracovia Chess Festival A 2021"]
[Site "Cracow"]
[Date "2022.01.02"]
[Round "7.21"]
[White "Warakomska, Anna"]
[Black "Mika, Tomasz"]
[Result "1/2-1/2"]
[WhiteElo "2276"]
[BlackElo "2183"]
[Annotator "TA"]
[PlyCount "97"]
[EventDate "2021.12.27"]
[EventCountry "POL"]
[SourceTitle "playchess.com"]
[Source "ChessBase"]
[SourceQuality "1"]

{[%evp 9,97,12,18,1,20,10,16,6,12,2,2,0,0,0,0,0,19,0,6,0,25,0,13,-27,-17,-22,0,-21,-34,-32,0,0,0,0,-10,-7,-8,0,0,0,0,0,0,0,0,0,0,0,0,0,0,-12,-8,-8,-8,-8,-8,-8,-8,-8,0,-8,0,0,0,-8,-11,-13,0,0,0,0,0,0,0,0,0,0,9,-74,0,0,0,0,0,0,0,0,0,0]} 1. e4 c6 2. d4 d5 3. e5 Bf5 4. h4 h5 5. Bd3 Bxd3 6. Qxd3 {[%cal Oe5e6] B12: Caro-Kann: Advance Variation.} Qa5+ 7. Nd2 {[%cal Oe5e6,Bb1d2,Bd2b3,Bb3d4][%mdl 32]} e6 $1 8. Ngf3 Nh6 9. O-O Nf5 10. Nb3 {Nowadays more popular than 10.c4.} Qa6 11. Qd1 Nd7 12. c3 c5 13. dxc5 {[#]} Nxc5 $146 ({Predecessor:} 13... Bxc5 14. Bg5 Qa4 15. Rc1 Rc8 16. Nbd4 Qxd1 17. Rfxd1 Bxd4 18. Nxd4 g6 19. c4 dxc4 {½-½ (40) Aryan,C (2540)-Sjugirov,S (2663) Moscow 2019}) 14. Nbd4 g6 15. a4 Qc4 16. b3 Qd3 17. Bg5 Bg7 18. b4 Qxd1 19. Rfxd1 ({Reject} 19. Raxd1 Nxa4 20. Rc1 Nb2 $17) 19... Ne4 20. Nxf5 gxf5 21. Rac1 Rc8 22. c4 $1 Nxg5 (22... Rxc4 $2 23. Rxc4 Nxg5 24. Rc7 (24. Rc8+ Kd7 $16) 24... Nxf3+ 25. gxf3 $18) 23. hxg5 Rxc4 24. Rxc4 dxc4 $11 {[%mdl 4096] Endgame KRB-KRN} 25. Rc1 Kd7 {White must now prevent ...Rc8.} 26. Rxc4 Rc8 27. Rh4 Bf8 28. Rxh5 Bxb4 29. Rh7 Ke8 30. g6 fxg6 31. Rxb7 Rc1+ 32. Kh2 Bc5 33. Ng5 Bxf2 {White should prevent ...Rc3.} 34. Nxe6 Rc3 35. Ng7+ Kf8 36. Ne6+ Ke8 37. Ng7+ Kd8 {[#] And now ...Bg3+ would win.} 38. g4 $1 fxg4 {Hoping for ...Bg3+.} 39. e6 Bc5 {Prevents e7+. aiming for ...Bd6+.} 40. Rd7+ Kc8 41. Ne8 Kb8 42. a5 a6 43. Kg2 Ra3 44. Nd6 {[#]} (44. Nc7 $11 Rxa5 45. e7 Bxe7 46. Rxe7) 44... Bxd6 (44... Ra2+ $1 $17 45. Kg3 Re2) 45. Rxd6 {e7 would kill now. The position is equal.} Kb7 46. Rb6+ Ka7 47. e7 Re3 48. Rxg6 {White wants to mate with Rg7.} Rxe7 49. Rxg4 {A balanced but interesting game.  Weighted Error Value: White=0.08 (flawless) /Black=0.06 (flawless)} 1/2-1/2

[Event "Cracovia Chess Festival A 2021"]
[Site "Cracow"]
[Date "2022.01.02"]
[Round "7.22"]
[White "Tsaknakis, Zisis"]
[Black "Redzisz, Michal"]
[Result "1-0"]
[WhiteElo "2202"]
[BlackElo "2261"]
[Annotator "ChessBase"]
[PlyCount "80"]
[EventDate "2021.12.27"]
[EventCountry "POL"]
[SourceTitle "playchess.com"]
[Source "ChessBase"]
[SourceQuality "1"]
[TimeControl "40/5400+30:1800+30"]

1. Nf3 {[%emt 0:00:25]} Nf6 {[%emt 0:00:19]} 2. g3 {[%emt 0:00:02]} d5 {[%emt 0:01:56]} 3. Bg2 {[%emt 0:00:02]} g6 {[%emt 0:00:17]} 4. O-O {[%emt 0:00:10]} Bg7 {[%emt 0:00:02]} 5. d3 {[%emt 0:00:08]} O-O {[%emt 0:00:09]} 6. Nbd2 {[%emt 0:00:07]} b6 {[%emt 0:00:36]} 7. e4 {[%emt 0:01:07]} dxe4 {[%emt 0:00:19]} 8. dxe4 {[%emt 0:00:10]} Bb7 {[%emt 0:01:05]} 9. Qe2 {[%emt 0:05:39]} e6 {[%emt 0:06:02]} 10. e5 {[%emt 0:03:42]} Nfd7 {[%emt 0:02:24]} 11. Nc4 {[%emt 0:02:55]} Nc6 {[%emt 0:03:06]} 12. Bf4 {[%emt 0:04:45]} h6 {[%emt 0:07:43]} 13. h4 {[%emt 0:00:40]} Qe7 {[%emt 0:00:21]} 14. Ne3 {[%emt 0:13:00]} Qc5 {[%emt 0:33:35]} 15. Ng4 {[%emt 0:01:46]} Kh7 {[%emt 0:03:00]} 16. Rad1 {[%emt 0:12:04]} Rad8 {[%emt 0:01:42]} 17. Bxh6 {[%emt 0:00:13]} Bxh6 {[%emt 0:10:46]} 18. Rxd7 {[%emt 0:00:04]} Ba6 {[%emt 0:00:27]} 19. Qxa6 {[%emt 0:14:04]} Nb8 {[%emt 0:00:20]} 20. Nf6+ {[%emt 0:07:06]} Kg7 {[%emt 0:09:14]} 21. Qd3 {[%emt 0:01:50]} Nxd7 {[%emt 0:00:04]} 22. Nxd7 {[%emt 0:00:08]} Qc6 {[%emt 0:02:01]} 23. Rd1 {[%emt 0:00:21]} Rfe8 {[%emt 0:01:41]} 24. Ng5 {[%emt 0:01:49]} Qa4 {[%emt 0:01:02]} 25. Ne4 {[%emt 0:04:33]} Re7 {[%emt 0:01:53]} 26. Nef6 {[%emt 0:00:21]} Kh8 {[%emt 0:01:13]} 27. b3 {[%emt 0:04:18]} Qb4 {[%emt 0:02:17]} 28. Qc4 {[%emt 0:05:06]} Qxc4 {[%emt 0:01:54]} 29. bxc4 {[%emt 0:00:01]} Bg7 {[%emt 0:00:07]} 30. Bc6 {[%emt 0:00:59]} Bxf6 {[%emt 0:00:02]} 31. exf6 {[%emt 0:00:07]} Ree8 {[%emt 0:00:02]} 32. Re1 {[%emt 0:00:45]} Kh7 {[%emt 0:00:49]} 33. Re5 {[%emt 0:01:51]} Kh6 {[%emt 0:00:14]} 34. Kg2 {[%emt 0:00:16]} Rg8 {[%emt 0:00:03]} 35. f4 {[%emt 0:00:51]} a5 {[%emt 0:00:11]} 36. a4 {[%emt 0:00:56]} Rh8 {[%emt 0:00:26]} 37. g4 {[%emt 0:02:07]} Rhg8 {[%emt 0:00:04]} 38. Kg3 {[%emt 0:00:56]} Kh7 {[%emt 0:00:19]} 39. h5 {[%emt 0:03:44]} Rh8 {[%emt 0:00:45]} 40. hxg6+ {[%emt 0:00:00]} Kg8 {[%emt 0:00:00]} 1-0

[Event "Cracovia Chess Festival A 2021"]
[Site "Cracow"]
[Date "2022.01.02"]
[Round "7.23"]
[White "Kyc, Jerzy"]
[Black "Krawczyk, Flawian"]
[Result "1/2-1/2"]
[WhiteElo "2250"]
[BlackElo "2114"]
[Annotator "ChessBase"]
[PlyCount "46"]
[EventDate "2021.12.27"]
[EventCountry "POL"]
[SourceTitle "playchess.com"]
[Source "ChessBase"]
[SourceQuality "1"]
[TimeControl "40/5400+30:1800+30"]

1. e4 {[%emt 0:00:04]} c5 {[%emt 0:00:05]} 2. Nf3 {[%emt 0:00:03]} d6 {[%emt 0:00:03]} 3. d4 {[%emt 0:00:03]} cxd4 {[%emt 0:00:02]} 4. Nxd4 {[%emt 0:00:05]} Nf6 {[%emt 0:00:03]} 5. Nc3 {[%emt 0:00:07]} a6 {[%emt 0:00:01]} 6. Bg5 {[%emt 0:00:07]} Nbd7 {[%emt 0:00:03]} 7. f4 {[%emt 0:00:17]} Qc7 {[%emt 0:00:03]} 8. Qf3 {[%emt 0:01:14]} h6 {[%emt 0:00:19]} 9. Bxf6 {[%emt 0:02:04]} Nxf6 {[%emt 0:00:06]} 10. f5 {[%emt 0:01:10]} Qc5 {[%emt 0:00:07]} 11. O-O-O {[%emt 0:00:26]} g5 {[%emt 0:00:04]} 12. Nd5 {[%emt 0:05:17]} Nxd5 {[%emt 0:02:43]} 13. exd5 {[%emt 0:00:39]} Bg7 {[%emt 0:01:02]} 14. c3 {[%emt 0:03:29]} Bf6 {[%emt 0:12:11]} 15. Be2 {[%emt 0:04:44]} b5 {[%emt 0:02:11]} 16. Qe4 {[%emt 0:04:11]} Bb7 {[%emt 0:03:22]} 17. Nc6 {[%emt 0:09:40]} Bxc6 {[%emt 0:00:31]} 18. dxc6 {[%emt 0:00:45]} Qe5 {[%emt 0:04:00]} 19. Bf3 {[%emt 0:03:43]} Qxe4 {[%emt 0:00:55]} 20. Bxe4 {[%emt 0:00:02]} Ra7 {[%emt 0:00:20]} 21. Kc2 {[%emt 0:04:27]} Kd8 {[%emt 0:00:46]} 22. Bd5 {[%emt 0:04:09]} Rf8 {[%emt 0:00:11]} 23. a4 {[%emt 0:06:50]} Kc7 {[%emt 0:00:19]} 1/2-1/2

[Event "Cracovia Chess Festival A 2021"]
[Site "Cracow"]
[Date "2022.01.02"]
[Round "7.24"]
[White "Barath Kalyan M"]
[Black "Kopylov, Michael"]
[Result "1/2-1/2"]
[WhiteElo "2103"]
[BlackElo "2391"]
[Annotator "ChessBase"]
[PlyCount "61"]
[EventDate "2021.12.27"]
[EventCountry "POL"]
[SourceTitle "playchess.com"]
[Source "ChessBase"]
[SourceQuality "1"]
[TimeControl "40/5400+30:1800+30"]

1. Nf3 {[%emt 0:00:46]} Nf6 {[%emt 0:06:16]} 2. c4 {[%emt 0:00:09]} g6 {[%emt 0:00:59]} 3. Nc3 {[%emt 0:00:11]} Bg7 {[%emt 0:00:51]} 4. g3 {[%emt 0:00:24]} O-O {[%emt 0:02:36]} 5. Bg2 {[%emt 0:00:06]} Nc6 {[%emt 0:00:53]} 6. O-O {[%emt 0:00:49]} d6 {[%emt 0:00:18]} 7. d3 {[%emt 0:04:30]} e5 {[%emt 0:03:09]} 8. Rb1 {[%emt 0:00:57]} a5 {[%emt 0:00:09]} 9. a3 {[%emt 0:00:28]} Re8 {[%emt 0:00:08]} 10. Bg5 {[%emt 0:03:07]} Nd4 {[%emt 0:01:12]} 11. Nd2 {[%emt 0:03:34]} c6 {[%emt 0:13:29]} 12. Nde4 {[%emt 0:05:26]} Ne6 {[%emt 0:03:26]} 13. Bxf6 {[%emt 0:05:55]} Bxf6 {[%emt 0:02:25]} 14. Nxf6+ {[%emt 0:00:57]} Qxf6 {[%emt 0:00:06]} 15. e3 {[%emt 0:00:22]} Ng5 {[%emt 0:03:44]} 16. h4 {[%emt 0:17:03]} Nh3+ {[%emt 0:04:29]} 17. Kh2 {[%emt 0:00:16]} Nxf2 {[%emt 0:00:07]} 18. Ne4 {[%emt 0:01:27]} Nxe4 {[%emt 0:00:07]} 19. Rxf6 {[%emt 0:00:05]} Nxf6 {[%emt 0:00:03]} 20. e4 {[%emt 0:03:53]} Ng4+ {[%emt 0:12:03]} 21. Kg1 {[%emt 0:01:15]} Kg7 {[%emt 0:00:35]} 22. Qf3 {[%emt 0:01:23]} h5 {[%emt 0:01:12]} 23. Rf1 {[%emt 0:00:18]} f6 {[%emt 0:00:16]} 24. Bh3 {[%emt 0:01:11]} Rf8 {[%emt 0:00:12]} 25. b3 {[%emt 0:00:57]} Be6 {[%emt 0:03:27]} 26. Bxg4 {[%emt 0:01:07]} Bxg4 {[%emt 0:00:38]} 27. Qe3 {[%emt 0:00:09]} c5 {[%emt 0:00:43]} 28. Qd2 {[%emt 0:00:41]} b6 {[%emt 0:03:27]} 29. Rb1 {[%emt 0:01:28]} Rf7 {[%emt 0:00:44]} 30. Qc3 {[%emt 0:07:19]} Rfa7 {[%emt 0:02:29]} 31. Kg2 {[%emt 0:03:10]} 1/2-1/2

[Event "Cracovia Chess Festival A 2021"]
[Site "Cracow"]
[Date "2022.01.02"]
[Round "7.25"]
[White "Malek, Daniel"]
[Black "Jaskolka, Tomasz"]
[Result "0-1"]
[WhiteElo "2376"]
[BlackElo "2193"]
[Annotator "TA"]
[PlyCount "114"]
[EventDate "2021.12.27"]
[EventCountry "POL"]
[SourceTitle "playchess.com"]
[Source "ChessBase"]
[SourceQuality "1"]

{[%evp 27,114,19,20,10,19,17,11,26,8,8,19,7,38,47,50,45,47,47,69,50,47,41,203,193,224,223,224,224,224,224,224,224,223,202,259,147,150,150,246,246,246,246,246,250,253,253,378,322,410,405,359,0,302,0,342,335,420,420,420,420,428,420,419,252,287,20,50,50,50,30,43,20,319,0,0,0,0,0,0,0,0,-29977,0,-29978,-29979,-29978,-29979,-29978,-387]} 1. e4 e6 2. d4 d5 3. Nd2 Nf6 4. e5 Nfd7 5. Bd3 c5 6. c3 Nc6 7. Ne2 cxd4 8. cxd4 f6 9. exf6 Nxf6 10. O-O Bd6 11. Nf3 Qc7 12. Bg5 O-O 13. Bh4 Nh5 14. Qc2 h6 15. Bh7+ {C06: French Tarrasch: 3...Nf6 4 e5 Nfd7 5 Bd3 main lines.} Kh8 {[%cal Of8f3]} 16. Bg6 Rxf3 17. gxf3 {The position is equal.} Bxh2+ 18. Kg2 Nf4+ 19. Nxf4 $1 Bxf4 20. Bg3 Bd7 21. Rh1 Rf8 {Threatens to win with ...Bxg3.} 22. Rh4 {[#]} e5 $146 ({Predecessor:} 22... Bxg3 23. fxg3 Rf6 24. Rd1 Qd6 25. a3 e5 26. dxe5 Nxe5 27. Be4 Bc6 28. Rf4 Rxf4 29. gxf4 {1-0 (57) Feoktistov,A (2375)-Iljushin,A (2495) Tula 2001}) 23. Rah1 Qd6 24. dxe5 $40 {[%mdl 128] Black needs to defend precisely.} (24. Qc5 {looks sharper.} Qxc5 25. dxc5 Bg5 26. Rh5 Kg8 27. Rd1) 24... Qxe5 (24... Bxe5 $14 25. Bd3 Qf6) 25. Rxf4 $18 Rxf4 26. Rh4 (26. Rh5 $6 Qf6 $16) 26... Rxh4 27. Bxe5 Nxe5 28. Bf5 Rc4 29. Qe2 Bxf5 30. Qxe5 {[%mdl 4096] Endgame KQ-KRB} Bg6 31. Qxd5 (31. Qb8+ $18 Kh7 32. Qxb7 (32. Qxa7 Rc7 $16)) 31... Rb4 $16 32. b3 {And now Qa5 would win.} a6 (32... Rb6 $16 {is a better defense.} 33. Qc5 Kh7) 33. Qd6 $18 {[%csl LRb4,LRg6]} Rb5 34. a4 $1 Rg5+ 35. Kh2 {Strongly threatening Qb8+.} Kh7 36. Qb6 $1 a5 (36... Rh5+ $142 37. Kg2 Rg5+ 38. Kf1 a5 39. Qxb7 Rf5) 37. Qxb7 Rh5+ 38. Kg2 Rg5+ 39. Kh2 Rh5+ $1 40. Kg2 Rg5+ 41. Kf1 h5 42. f4 Rf5 43. Qb8 Rd5 44. f3 {Inhibits Be4.} h4 45. Qf8 {Black must now prevent Kf2.} h3 46. Qe7 $2 ({And not} 46. Kg1 Bf5 $11) (46. Kf2 $1 $18 {[%cal Rf2g3]}) 46... Rd1+ 47. Ke2 Rd5 {aiming for ...h2.} 48. Kf2 {Hoping for Kg3.} ({Don't go for} 48. Qh4+ $2 Rh5 49. Qe1 h2 $19) 48... Rd2+ 49. Kg1 Bf5 $2 {[%mdl 8192]} (49... Rd1+ $1 $11 50. Kh2 Bf5) 50. Qf7 $2 ({Only move:} 50. Qh4+ $1 $18 Kg8 51. Qe1) 50... Rd1+ $11 51. Kh2 Rd2+ 52. Kg1 Rd1+ 53. Kh2 Rd2+ {[%cal Bd1d2,Bd2g2,Bg2g6][%mdl 32]} 54. Kg3 $2 {[%mdl 8192] [#]} (54. Kg1 $11 Rd1+) 54... Rg2+ $1 55. Kh4 {[#]} Rg6 $1 {Black mates.} 56. Qxf5 h2 57. Qb1 h1=Q+ $2 {What a bad dream for White.  Weighted Error Value: White=0.54/Black=0.24 (precise)} (57... h1=R+ {mates} 58. Qxh1 Rh6+ 59. Kg5 Rxh1 60. f5 Rg1+ 61. Kf4 Rb1 62. Kg5 Rxb3 63. Kf4 Rb4+ 64. Ke5 Rb3 65. f6 gxf6+ 66. Kxf6 Rb4 67. Ke5 Rxa4 68. Kd6 Rf4 69. Ke5 Rb4 70. f4 a4 71. f5 a3 72. Kd6 a2 73. Kc5 Rb1 74. Kd5 a1=Q 75. Ke4 Qa5 76. Kf3 Rb4 77. Kg2 Qxf5 78. Kh1 Rg4 79. Kh2 Qh5#) 0-1

[Event "Cracovia Chess Festival A 2021"]
[Site "Cracow"]
[Date "2022.01.02"]
[Round "7.26"]
[White "Sernecki, Franciszek"]
[Black "Godzwon, Iwo"]
[Result "0-1"]
[WhiteElo "2220"]
[BlackElo "2352"]
[Annotator "ChessBase"]
[PlyCount "92"]
[EventDate "2021.12.27"]
[EventCountry "POL"]
[SourceTitle "playchess.com"]
[Source "ChessBase"]
[SourceQuality "1"]
[TimeControl "40/5400+30:1800+30"]

1. d4 {[%emt 0:00:20]} Nf6 {[%emt 0:00:05]} 2. c4 {[%emt 0:00:03]} e6 {[%emt 0:00:04]} 3. Nf3 {[%emt 0:00:06]} b6 {[%emt 0:00:03]} 4. g3 {[%emt 0:00:05]} Bb7 {[%emt 0:00:09]} 5. Bg2 {[%emt 0:00:12]} Bb4+ {[%emt 0:00:04]} 6. Bd2 {[%emt 0:00:23]} a5 {[%emt 0:00:04]} 7. O-O {[%emt 0:00:33]} O-O {[%emt 0:00:05]} 8. Bg5 {[%emt 0:01:53]} Be7 {[%emt 0:00:12]} 9. Nc3 {[%emt 0:01:08]} Ne4 {[%emt 0:13:20]} 10. Nxe4 {[%emt 0:11:12]} Bxe4 {[%emt 0:00:04]} 11. Bxe7 {[%emt 0:01:12]} Qxe7 {[%emt 0:00:03]} 12. Ne1 {[%emt 0:01:20]} Bxg2 {[%emt 0:03:39]} 13. Nxg2 {[%emt 0:00:26]} c5 {[%emt 0:15:14]} 14. d5 {[%emt 0:10:48]} a4 {[%emt 0:01:57]} 15. Rc1 {[%emt 0:12:35]} exd5 {[%emt 0:14:59]} 16. Qxd5 {[%emt 0:04:54]} Nc6 {[%emt 0:00:07]} 17. Qd1 {[%emt 0:07:28]} a3 {[%emt 0:03:38]} 18. b3 {[%emt 0:03:01]} Nb4 {[%emt 0:01:48]} 19. Qd2 Qe5 {[%emt 0:02:14]} 20. Rb1 {[%emt 0:09:14]} d5 {[%emt 0:09:36]} 21. Rfd1 {[%emt 0:01:27]} dxc4 {[%emt 0:13:37]} 22. bxc4 {[%emt 0:00:20]} h6 {[%emt 0:05:54]} 23. Nf4 {[%emt 0:15:10]} Qe4 {[%emt 0:03:46]} 24. Nd5 Rfd8 {[%emt 0:00:10]} 25. Qf4 {[%emt 0:03:58]} Qxe2 {[%emt 0:02:11]} 26. Re1 {[%emt 0:00:54]} Nxd5 {[%emt 0:00:18]} 27. Rxe2 {[%emt 0:01:02]} Nxf4 {[%emt 0:00:02]} 28. gxf4 {[%emt 0:00:07]} Ra6 {[%emt 0:01:25]} 29. Rb3 {[%emt 0:00:45]} Rd4 {[%emt 0:00:04]} 30. Re8+ {[%emt 0:00:30]} Kh7 {[%emt 0:00:05]} 31. Rb8 {[%emt 0:00:04]} Rxf4 {[%emt 0:03:22]} 32. R8xb6 {[%emt 0:00:27]} Rxb6 {[%emt 0:01:03]} 33. Rxb6 {[%emt 0:00:02]} Rxc4 {[%emt 0:00:03]} 34. Rb3 {[%emt 0:01:29]} Ra4 {[%emt 0:00:10]} 35. Kf1 {[%emt 0:01:49]} Kg6 {[%emt 0:00:16]} 36. Rb5 {[%emt 0:00:24]} c4 {[%emt 0:04:29]} 37. Ke2 {[%emt 0:00:58]} c3 {[%emt 0:01:35]} 38. Rb3 {[%emt 0:01:03]} Rc4 {[%emt 0:01:08]} 39. Kd1 {[%emt 0:00:09]} Rd4+ {[%emt 0:00:21]} 40. Kc1 {[%emt 0:00:00]} Rd2 {[%emt 0:00:00]} 41. Rxc3 {[%emt 0:00:28]} Rxa2 {[%emt 0:00:10]} 42. Rg3+ {[%emt 0:00:06]} Kh7 {[%emt 0:00:41]} 43. Rf3 {[%emt 0:00:07]} f6 {[%emt 0:00:03]} 44. Kb1 {[%emt 0:00:13]} Re2 {[%emt 0:00:02]} 45. h4 {[%emt 0:00:25]} Kg6 {[%emt 0:00:38]} 46. Rg3+ {[%emt 0:00:32]} Kf7 {[%emt 0:00:04]} 0-1

[Event "Cracovia Chess Festival A 2021"]
[Site "Cracow"]
[Date "2022.01.02"]
[Round "7.27"]
[White "Sharma Isha"]
[Black "Kopylov, Daniel"]
[Result "1-0"]
[WhiteElo "2200"]
[BlackElo "2317"]
[Annotator "ChessBase"]
[PlyCount "57"]
[EventDate "2021.12.27"]
[EventCountry "POL"]
[SourceTitle "playchess.com"]
[Source "ChessBase"]
[SourceQuality "1"]
[TimeControl "40/5400+30:1800+30"]

1. e4 {[%emt 0:00:03]} c5 {[%emt 0:03:29]} 2. Nf3 {[%emt 0:00:16]} d6 {[%emt 0:00:14]} 3. d4 {[%emt 0:00:05]} cxd4 {[%emt 0:00:05]} 4. Nxd4 {[%emt 0:00:04]} Nf6 {[%emt 0:00:05]} 5. Nc3 {[%emt 0:00:04]} Nc6 {[%emt 0:00:05]} 6. Bc4 {[%emt 0:00:06]} e6 {[%emt 0:00:06]} 7. Be3 {[%emt 0:00:26]} Be7 {[%emt 0:00:11]} 8. Qe2 {[%emt 0:00:46]} O-O {[%emt 0:00:40]} 9. O-O-O {[%emt 0:00:25]} Qc7 {[%emt 0:00:53]} 10. Bb3 {[%emt 0:00:23]} a6 {[%emt 0:00:20]} 11. g4 {[%emt 0:00:34]} Nxd4 {[%emt 0:01:04]} 12. Rxd4 {[%emt 0:00:10]} Nd7 {[%emt 0:00:19]} 13. g5 {[%emt 0:03:43]} Nc5 {[%emt 0:01:01]} 14. Rg1 {[%emt 0:04:51]} Bd7 {[%emt 0:02:08]} 15. Qh5 {[%emt 0:03:09]} Rfc8 {[%emt 0:02:37]} 16. e5 {[%emt 0:12:31]} g6 {[%emt 0:05:05]} 17. Qh3 {[%emt 0:03:05]} dxe5 {[%emt 0:03:04]} 18. Rh4 {[%emt 0:01:12]} h5 {[%emt 0:02:46]} 19. Rxh5 {[%emt 0:12:52]} Nxb3+ {[%emt 0:13:59]} 20. axb3 {[%emt 0:02:16]} gxh5 {[%emt 0:04:08]} 21. g6 {[%emt 0:00:05]} Bc5 {[%emt 0:26:16]} 22. gxf7+ {[%emt 0:10:27]} Kf8 {[%emt 0:00:27]} 23. Bh6+ {[%emt 0:00:36]} Ke7 {[%emt 0:01:17]} 24. Qh4+ {[%emt 0:00:05]} Kd6 {[%emt 0:00:33]} 25. Ne4+ {[%emt 0:03:18]} Kd5 {[%emt 0:03:02]} 26. Nxc5 {[%emt 0:06:45]} Qxc5 {[%emt 0:09:10]} 27. Rd1+ {[%emt 0:00:15]} Kc6 {[%emt 0:00:28]} 28. Be3 {[%emt 0:00:08]} Qb5 {[%emt 0:05:17]} 29. Qe7 {[%emt 0:00:46]} 1-0

[Event "Cracovia Chess Festival A 2021"]
[Site "Cracow"]
[Date "2022.01.02"]
[Round "7.28"]
[White "Romero Calduch, Sergio"]
[Black "Koziorowicz, Michal"]
[Result "0-1"]
[WhiteElo "2199"]
[BlackElo "2309"]
[Annotator "ChessBase"]
[PlyCount "48"]
[EventDate "2021.12.27"]
[EventCountry "POL"]
[SourceTitle "playchess.com"]
[Source "ChessBase"]
[SourceQuality "1"]
[TimeControl "40/5400+30:1800+30"]

1. Nf3 {[%emt 0:04:56]} e6 {[%emt 0:00:14]} 2. e4 {[%emt 0:03:23]} c5 {[%emt 0:00:07]} 3. d4 {[%emt 0:00:56]} cxd4 {[%emt 0:00:08]} 4. Nxd4 {[%emt 0:00:05]} a6 {[%emt 0:00:23]} 5. Nc3 {[%emt 0:02:37]} b5 {[%emt 0:02:51]} 6. e5 {[%emt 0:05:32]} Bb7 {[%emt 0:08:16]} 7. Qg4 {[%emt 0:06:59]} Qa5 {[%emt 0:15:25]} 8. Bf4 {[%emt 0:18:49]} b4 {[%emt 0:04:42]} 9. Nd1 {[%emt 0:04:31]} Ne7 {[%emt 0:12:15]} 10. Ne3 {[%emt 0:12:16]} Ng6 {[%emt 0:09:17]} 11. Nc4 {[%emt 0:05:32]} Qc5 {[%emt 0:02:37]} 12. O-O-O h5 {[%emt 0:03:30]} 13. Qg3 {[%emt 0:09:54]} h4 {[%emt 0:01:53]} 14. Qe3 {[%emt 0:02:42]} h3 {[%emt 0:01:29]} 15. Rg1 {[%emt 0:09:57]} hxg2 {[%emt 0:00:06]} 16. Rxg2 {[%emt 0:00:21]} Bxg2 {[%emt 0:07:50]} 17. Bxg2 {[%emt 0:00:07]} Nc6 {[%emt 0:00:04]} 18. Nxc6 {[%emt 0:05:57]} Qxc4 {[%emt 0:00:40]} 19. Bg5 {[%emt 0:04:53]} Bc5 {[%emt 0:03:57]} 20. Qd2 {[%emt 0:00:30]} O-O {[%emt 0:00:32]} 21. Na5 {[%emt 0:00:28]} Qxa2 {[%emt 0:00:40]} 22. Nb3 {[%emt 0:00:30]} Rac8 {[%emt 0:00:09]} 23. Qxd7 {[%emt 0:00:31]} Nxe5 {[%emt 0:00:35]} 24. Qd2 {[%emt 0:00:31]} Nc4 {[%emt 0:00:12]} 0-1

[Event "Cracovia Chess Festival A 2021"]
[Site "Cracow"]
[Date "2022.01.02"]
[Round "7.29"]
[White "Chyzy, Jakub"]
[Black "Ulasevich, Sergei"]
[Result "0-1"]
[WhiteElo "2260"]
[BlackElo "2171"]
[Annotator "TA"]
[PlyCount "98"]
[EventDate "2021.12.27"]
[EventCountry "POL"]
[SourceTitle "playchess.com"]
[Source "ChessBase"]
[SourceQuality "1"]

{[%evp 11,98,10,7,0,0,0,0,0,7,12,0,0,0,-30,-25,-17,-17,-25,-25,-24,0,-22,-7,-8,0,-125,-137,-127,-117,-116,-61,-116,-127,-132,-122,-124,-130,-133,-124,-121,-124,-120,-101,-87,-43,-187,-190,-239,-160,-181,-181,-185,-185,-204,-193,-334,-335,-357,-308,-431,-440,-420,-377,-370,-385,-439,-437,-494,-474,-527,-512,-625,-633,-962,-954,-1052,-915,-1123,-1119,-29986,-29987,-29987,-29988,-29988,-29989,-29989,-29990,-29990,-29991]} 1. e4 c5 2. Nc3 Nc6 3. Bb5 Nd4 4. Bc4 e6 5. Nf3 Nf6 6. O-O a6 (6... d5 7. exd5 Bd6 8. dxe6 Bxe6 9. Bxe6 Nxe6 10. Re1 $14) 7. d3 {B30: Sicilian: 2...Nc6 3 Bb5, lines without ...g6.} b5 8. Bb3 Nxb3 9. axb3 {[%cal Oc3b5] With the idea Nxb5! The position is equal.} Bb7 10. e5 $1 Nd5 11. Ne4 Be7 12. Bg5 f6 $1 13. exf6 Nxf6 14. Re1 O-O 15. Qd2 {[#]} Qe8 $146 ({Predecessor:} 15... h6 16. Bf4 d6 17. Bg3 Nh5 18. d4 Nxg3 19. hxg3 cxd4 20. Nxd4 Qd7 21. Rad1 e5 {1-0 (38) Degraeve,J (2540)-Popovic,P (2500) Germany 2004}) 16. Bxf6 gxf6 17. d4 Qg6 18. Qd3 (18. Ng3 $1 $11 {was the only way to keep the balance.}) 18... cxd4 $17 19. Nxd4 e5 $36 {[%mdl 2048] White is under strong pressure.} 20. Nf3 d5 (20... f5 $17 21. Nxe5 Qg7) 21. Nh4 {[#]} Qh5 $1 (21... dxe4 22. Qd7 Bc8 23. Qxe7 $14 (23. Nxg6 Bxd7 24. Nxe7+ Kf7 $11)) 22. Ng3 ({Don't blunder} 22. Qg3+ $2 Kh8 23. Nc3 Rg8 $19) 22... Qxh4 23. Nf5 {[%csl LRe7,LRh4]} Qb4 {Threatens to win with ...Kh8.} 24. c3 Qc5 {And now ...Kh8 would win.} 25. Qg3+ Kf7 {[%cal Bg8f7,Bf7e8,Be8d7,Bd7d8][%mdl 32]} 26. b4 Qc7 {aiming for ...Ke8.} 27. Qh3 {[%cal Of2f4]} ({Wrong is} 27. Qg7+ $2 Ke8 28. Qxh7 Qd7 29. Qh5+ Kd8 $19) 27... Bc8 (27... h5 $17 28. Qxh5+ Ke6) 28. Qxh7+ {White does not recover from this.} (28. Qh5+ $15 Ke6 29. Rad1 (29. Qxh7 Ra7 $17)) 28... Ke8 $19 29. Ng7+ (29. Qh5+ {keeps fighting.} Kd8 30. Rad1 Bxf5 31. Qxf5) 29... Kd7 30. Nf5 Kd8 {[%cal Oe7b4]} 31. Rad1 Be6 32. Ng7 Bg8 33. Qh6 (33. Qxg8 $142 Rxg8 34. Ne6+ Kd7 35. Nxc7 Kxc7 36. Rxd5) 33... Qd7 34. f4 Bd6 35. fxe5 fxe5 36. Nh5 Kc7 37. Nf6 Qc6 {[%cal Of8f6] ...Rxf6! is the strong threat.} 38. Rf1 Be6 39. Qg7+ Kb6 {Hoping for ...Ra7.} 40. Rf2 Ra7 41. Qg6 Raf7 42. h4 e4 {[%cal Be5e4,Be4e3][%mdl 32]} 43. h5 Be7 {[%cal Rf7f6]} 44. Rdf1 e3 45. Nxd5+ Qxd5 {Black mates.} 46. Rxf7 Rxf7 47. Rxf7 {[#]} e2 $1 48. Kf2 {[#]} Qe5 $1 49. Ke1 Bh4+ {Weighted Error Value: White=0.58/Black=0.11 (very precise)} 0-1